000 00460nam a22001937a 4500
999 _c2904
_d2904
003 OSt
005 20210726085955.0
008 210726b ||||| |||| 00| 0 eng d
020 _a-
040 _cALUPE UNIVERSITY
050 _aHV35
_b.S6 1970
100 _a-
245 _aSocial Work Administration a
250 _a-
260 _aNew York
_bCouncil on Social Work education
_c1970
300 _a396p
650 _aA Resource book
942 _2lcc
_cBK
_nDO